[Event "Hessen-chA"]
[Site "Frankfurt"]
[Date "2018.05.11"]
[Round "3"]
[White "Hemmerich, Luca"]
[Black "Dios, Erwin Michael"]
[Result "0-1"]
[WhiteElo "1896"]
[BlackElo "2020"]
[PlyCount "68"]
[EventDate "2018.05.10"]
[EventType "swiss"]
[EventRounds "7"]
[EventCountry "GER"]
[SourceTitle "EXT 2019"]
[Source "ChessBase"]
[SourceDate "2018.10.10"]
[SourceVersion "1"]
[SourceVersionDate "2018.10.10"]
[SourceQuality "1"]

1. d4 g6 2. c4 Bg7 3. Nc3 c5 4. d5 d6 5. e4 Nf6 6. f4 0-0 7. Nf3 e6 8. Be2 exd5 9. cxd5 a6 10. a4 Re8 11. Nd2 Nbd7 12. 0-0 Qc7 13. Qc2 Rb8 14. a5 b5 15. axb6 Nxb6 16. Nc4 Nxc4 17. Bxc4 Rb4 18. Qd3 Ng4 19. e5 Bf5 20. Qe2 dxe5 21. Rxa6 e4 22. d6 Bd4+ 23. Kh1 Qd8 24. Ra7 Rf8 25. Nd5 Rxc4 26. Qxc4 Qh4 27. h3 Qg3 28. Ne7+ Kg7 29. Qxd4+ cxd4 30. hxg4 Bxg4 31. b4 e3 32. Bb2 e2 33. Bxd4+ Kh6 34. Rg1 Qh4# 0-1

[Event "Hofheim Spring op-B 6th"]
[Site "Hofheim"]
[Date "2018.04.04"]
[Round "2"]
[White "Hemmerich, Luca"]
[Black "Kramer, Wolfgang"]
[Result "1/2-1/2"]
[WhiteElo "1896"]
[BlackElo "1972"]
[PlyCount "95"]
[EventDate "2018.04.03"]
[EventType "swiss"]
[EventRounds "9"]
[EventCountry "GER"]
[SourceTitle "EXT 2020"]
[Source "ChessBase"]
[SourceDate "2019.10.17"]
[SourceVersion "1"]
[SourceVersionDate "2019.10.17"]
[SourceQuality "1"]

1. e4 Nc6 2. Nf3 Nf6 3. e5 Ng4 4. d4 d6 5. h3 Nh6 6. Bxh6 gxh6 7. Nc3 Bg7 8. Bb5 a6 9. Bxc6+ bxc6 10. Qd2 c5 11. dxc5 dxe5 12. Qxd8+ Kxd8 13. 0-0-0+ Ke8 14. Nd5 Ra7 15. Rhe1 f6 16. Nd2 Kf7 17. Nc4 a5 18. Re3 Be6 19. Ra3 h5 20. Rxa5 Bh6+ 21. Kb1 Rha8 22. Rxa7 Rxa7 23. a3 Bc8 24. Ka2 Ba6 25. Nce3 Bxe3 26. Nxe3 Ke6 27. g4 Ra8 28. c4 Bb7 29. Nd5 Rc8 30. b4 hxg4 31. hxg4 e4 32. Ne3 h5 33. gxh5 Rh8 34. Rh1 f5 35. Rh2 f4 36. Nc2 Kf5 37. a4 Kg4 38. h6 e3 39. fxe3 Kg3 40. Rh5 f3 41. e4 Bxe4 42. Ne3 Bg6 43. Rg5+ Kf4 44. Rxg6 Kxe3 45. Re6+ Kd4 46. Rxe7 Rxh6 47. Rf7 Kxc4 48. Rxf3 1/2-1/2

[Event "Hofheim Spring op-B 6th"]
[Site "Hofheim"]
[Date "2018.04.03"]
[Round "1"]
[White "Schwichtenberg, Juergen"]
[Black "Hemmerich, Luca"]
[Result "0-1"]
[WhiteElo "1768"]
[BlackElo "1896"]
[PlyCount "90"]
[EventDate "2018.04.03"]
[EventType "swiss"]
[EventRounds "9"]
[EventCountry "GER"]
[SourceTitle "EXT 2020"]
[Source "ChessBase"]
[SourceDate "2019.10.17"]
[SourceVersion "1"]
[SourceVersionDate "2019.10.17"]
[SourceQuality "1"]

1. b4 e6 2. Bb2 Nf6 3. b5 b6 4. c4 Bb7 5. e3 d5 6. Nf3 Bd6 7. Be2 0-0 8. 0-0 Nbd7 9. d4 Ne4 10. Nbd2 Ndf6 11. Bd3 c5 12. Bxe4 Nxe4 13. Nxe4 dxe4 14. Ne1 Qh4 15. g3 Qg5 16. Ng2 Rac8 17. Rc1 cxd4 18. Bxd4 Qe7 19. Qb3 e5 20. Bb2 Rfd8 21. Rfd1 Ba8 22. a4 Qb7 23. Rc2 Bc7 24. Rcd2 Rd3 25. Qc2 Rcd8 26. Kf1 Bd6 27. Bc3 Qc8 28. Qb3 Qh3 29. Kg1 Bc5 30. Qb2 R8d6 31. Bxe5 Rh6 32. Nh4 Ba3 33. Qa1 g5 34. Bh8 f6 35. Bxf6 gxh4 36. Bxh4 Bb4 37. Qe5 Qd7 38. Qb8+ Kg7 39. Qe5+ Kg8 40. Qb8+ Bf8 41. Qf4 Rxd2 42. Rxd2 Qxd2 43. Qb8 Qd1+ 44. Kg2 Qf3+ 45. Kg1 Rd6 0-1

[Event "Dortmund Sparkassen op-B"]
[Site "Dortmund"]
[Date "2010.07.24"]
[Round "8"]
[White "Hemmerich, Luca"]
[Black "Biessner, Eberhard"]
[Result "1/2-1/2"]
[WhiteElo "1734"]
[BlackElo "1982"]
[PlyCount "89"]
[EventDate "2010.07.17"]
[EventType "swiss"]
[EventRounds "9"]
[EventCountry "GER"]
[SourceTitle "EXT 2014"]
[Source "ChessBase"]
[SourceDate "2013.11.20"]
[SourceVersion "1"]
[SourceVersionDate "2013.11.20"]
[SourceQuality "1"]

1. d4 Nf6 2. c4 e6 3. Nf3 b6 4. e3 Bb7 5. Bd3 Bb4+ 6. Nbd2 Ne4 7. 0-0 Nxd2 8. Nxd2 0-0 9. e4 f5 10. Qe2 Qf6 11. Nf3 fxe4 12. Bxe4 Bxe4 13. Qxe4 Nc6 14. Bg5 Qf5 15. Qxf5 Rxf5 16. a3 Be7 17. Bxe7 Nxe7 18. Rfe1 Ng6 19. Ne5 Nxe5 20. dxe5 Raf8 21. f3 Kf7 22. Rad1 Ke7 23. Rd4 Rf4 24. Ree4 g5 25. Kf2 d6 26. exd6+ cxd6 27. Ke3 e5 28. Rd2 Ke6 29. b3 a5 30. Rxf4 gxf4+ 31. Ke2 Rc8 32. Kd3 Rg8 33. Kc3 Rc8 34. Kb2 Rc5 35. a4 Rc8 36. Kc2 Rg8 37. Kc3 h5 38. Kc2 h4 39. h3 Rd8 40. b4 d5 41. cxd5+ Rxd5 42. Rxd5 Kxd5 43. bxa5 bxa5 44. Kd3 Kc5 45. Kc3 1/2-1/2

[Event "Dortmund Sparkassen op-B"]
[Site "Dortmund"]
[Date "2010.07.23"]
[Round "7"]
[White "Simon, Thomas"]
[Black "Hemmerich, Luca"]
[Result "0-1"]
[WhiteElo "1971"]
[BlackElo "1734"]
[PlyCount "40"]
[EventDate "2010.07.17"]
[EventType "swiss"]
[EventRounds "9"]
[EventCountry "GER"]
[SourceTitle "EXT 2014"]
[Source "ChessBase"]
[SourceDate "2013.11.20"]
[SourceVersion "1"]
[SourceVersionDate "2013.11.20"]
[SourceQuality "1"]

1. Nf3 d5 2. c4 c6 3. g3 Nf6 4. Bg2 Bf5 5. cxd5 cxd5 6. Nc3 e6 7. Qb3 Qc8 8. d3 Nc6 9. Bf4 a6 10. 0-0 Be7 11. Rac1 0-0 12. e4 dxe4 13. dxe4 Nxe4 14. Ne5 Nc5 15. Nxc6 bxc6 16. Qb6 Nd3 17. Bxc6 Nxf4 18. Bxa8 Nh3+ 19. Kg2 Qxa8+ 20. f3 Rb8 0-1

[Event "Dortmund Sparkassen op-B"]
[Site "Dortmund"]
[Date "2010.07.18"]
[Round "2"]
[White "Huber, Helmut"]
[Black "Hemmerich, Luca"]
[Result "0-1"]
[WhiteElo "1585"]
[BlackElo "1734"]
[PlyCount "120"]
[EventDate "2010.07.17"]
[EventType "swiss"]
[EventRounds "9"]
[EventCountry "GER"]
[SourceTitle "EXT 2014"]
[Source "ChessBase"]
[SourceDate "2013.11.20"]
[SourceVersion "1"]
[SourceVersionDate "2013.11.20"]
[SourceQuality "1"]

1. d4 d5 2. Nf3 Nf6 3. Bg5 Bf5 4. c4 c6 5. Nc3 e6 6. cxd5 cxd5 7. Qa4+ Qd7 8. Qxd7+ Nfxd7 9. e3 Nc6 10. Bb5 Bd6 11. Rc1 Rc8 12. Bh4 a6 13. Be2 f6 14. Bg3 Be7 15. Nh4 Bg6 16. Nxg6 hxg6 17. Bd3 Kf7 18. Ke2 f5 19. f4 Nf6 20. h3 Nb8 21. Bf2 Nbd7 22. Rhg1 Nb6 23. Kf3 Nc4 24. Bxc4 Rxc4 25. Ne2 Rhc8 26. Rxc4 Rxc4 27. g4 Rc2 28. Rc1 Rxb2 29. Rc7 Kf8 30. Bh4 Bd6 31. Rc8+ Kf7 32. Bxf6 Kxf6 33. g5+ Kf7 34. Rd8 Be7 35. Rd7 Ke8 36. Rc7 Kd8 37. Rc3 Rxa2 38. Nc1 Ra4 39. Rb3 Rb4 40. Rd3 Rc4 41. Ne2 Kc7 42. Kg3 b5 43. Ng1 Kb6 44. Nf3 Bd6 45. h4 a5 46. h5 gxh5 47. g6 Be7 48. Rd1 h4+ 49. Nxh4 Bxh4+ 50. Kxh4 a4 51. Kg5 b4 52. Rh1 b3 53. Rh7 Rc7 54. Rh8 b2 55. Re8 b1Q 56. Rxe6+ Kb7 57. Re5 Rd7 58. Rxf5 Qg1+ 59. Kh4 Qxe3 60. Kg4 Qxd4 0-1